000 00801nam a2200265Ia 4500
003 OSt
005 20220924124719.0
006 a|||||r|||| 00| 0
007 ta
008 220923b |||||||| |||| 00| 0 urd d
020 _c21.50
024 _a322758
037 _cTextual
040 _aARTS
_cARTS
_burd
041 _2urd
_aurd
082 _aV2:3(X).K5, 168M1;N9
100 _aMorland W.H. Au.
_9196742
245 0 _aAkbar se Aurangzeb tak
260 _aNew Delhi
_b Taraqqi urdu beuro India
_c1999
650 _a INDIA - HISTORY - MUGHALS
_928757
650 _aECONOMIC POLICY
_929659
700 _a Siddiqui Jamal Mohammad Tr.
_9196743
942 _hV2:3(X).K5, 168M1;N9
_cTEXL
_2CC
999 _c420691
_d420691